Cognition

Kaydedildi:
Detaylı Bibliyografya
Yazar: Matlin, Margaret W. (autora)
Materyal Türü: Kitap
Dil:İngilizce
Baskı/Yayın Bilgisi: San Diego Harcourt Brace College 1998
Edisyon:4a. ed
Konular:
Etiketler: Etiketle
Etiket eklenmemiş, İlk siz ekleyin!

MARC

LEADER 00000nam a2200000 a 4500
001 UCO9002
003 CL-VaPUC
008 010119e19980000us |||||||||||||||||eng|d
082 0 4 |a 153.4  |b MAT  |2 21 
100 |a Matlin, Margaret W.  |e autora  |9 454057 
245 1 0 |a Cognition 
250 |a 4a. ed 
300 |a 562 p 
942 |c BK 
945 |d 20010119 00:00:00  |a vberengu 
260 |a San Diego  |b Harcourt Brace College  |c 1998 
650 0 |a Cognición   |9 270347 
650 0 |a Memoria  |9 266549 
650 0 |a Procesos mentales superiores  |9 330839 
583 |a last modification  |c 20171017 12:28:58  |k Rodrigo Vera 
999 |c 293412  |d 293410 
952 |0 0  |1 0  |4 0  |6 153_400000000000000_MAT_1998  |7 0  |8 A  |9 344918  |a FDOPOS  |b FDOPOS  |d 2019-11-20  |i 3687708  |o 153.4 MAT 1998  |p 3687708  |r 2025-01-22  |w 2019-11-20  |y BK  |k MLA